000 00334nam a2200121Ia 4500
008 240624s9999 xx 000 0 und d
041 _aeng
082 _a330 PAI
100 _aPAILWAR VEENA KESHAV
245 _aECONOMIC ENVIRONMENT OF BUSINESS
260 _c2008
_aNew Delhi
_bPrentice-Hall of India
300 _axv, : 432 : p. : cm. ; 23
999 _c8851
_d8851